000 00444nam a22001697a 4500
003 NUST - PNEC
005 20170116181010.0
008 150913b xxu||||| |||| 00| 0 eng d
020 _a0273026739
040 _cLIBRARY
082 _a005.1 WOO
100 _910079
_aWoodcock, Jim
245 _a Software engineering mathematics
_cWoodcock, Jim
260 _cc.1988
650 _910074
_bManagement information system
_xMIS
942 _2ddc
_cBK
999 _c67036
_d67036